KAMUS LENGKAP DWIBAHASA SASBADI : (Record no. 174321)

MARC details
000 -LEADER
fixed length control field 00860nam a22002537i 4500
003 - CONTROL NUMBER IDENTIFIER
control field PPAK
005 - DATE AND TIME OF LATEST TRANSACTION
control field 20190925165505.0
008 - FIXED-LENGTH DATA ELEMENTS--GENERAL INFORMATION
fixed length control field 190917s2018 my a g d 000 0 may d
020 ## - INTERNATIONAL STANDARD BOOK NUMBER
International Standard Book Number 9789835992193
Terms of availability RM39.90
Qualifying information paperback
040 ## - CATALOGING SOURCE
Original cataloging agency PPAK
Language of cataloging eng
Transcribing agency PPAK
Description conventions rda
082 04 - DEWEY DECIMAL CLASSIFICATION NUMBER
Edition number 23
Classification number 499.23321
090 00 - LOCALLY ASSIGNED LC-TYPE CALL NUMBER (OCLC); LOCAL CALL NUMBER (RLIN)
Classification number (OCLC) (R) ; Classification number, CALL (RLIN) (NR) 499.23321
Feature heading DAU
Feature heading R
100 0# - MAIN ENTRY--PERSONAL NAME
Personal name Daud Baharum,
Relator term author.
245 10 - TITLE STATEMENT
Title KAMUS LENGKAP DWIBAHASA SASBADI :
Remainder of title Bahasa Melayu - Bahasa Inggeris /
Statement of responsibility, etc. DAUD BAHARUM
264 #1 - PRODUCTION, PUBLICATION, DISTRIBUTION, MANUFACTURE, AND COPYRIGHT NOTICE
Place of production, publication, distribution, manufacture Petaling Jaya, Selangor :
Name of producer, publisher, distributor, manufacturer Sasbadi Sdn. Bhd.,
Date of production, publication, distribution, manufacture, or copyright notice [2018]
300 ## - PHYSICAL DESCRIPTION
Extent xiv, 1265 pages :
Other physical details illustrations ;
Dimensions 19 cm
336 ## - CONTENT TYPE
Source rdacontent
Content type term text
337 ## - MEDIA TYPE
Source rdamedia
Media type term unmediated
338 ## - CARRIER TYPE
Source rdacarrier
Carrier type term volume
546 ## - LANGUAGE NOTE
Language note Text parallel in Malay and English
650 10 - SUBJECT ADDED ENTRY--TOPICAL TERM
Topical term or geographic name entry element Malay language
Form subdivision Dictionaries
General subdivision English
Topical term or geographic name entry element English language
Form subdivision Dictionaries
General subdivision Malay
942 ## - ADDED ENTRY ELEMENTS (KOHA)
Source of classification or shelving scheme Dewey Decimal Classification
Koha item type Book
Holdings
Withdrawn Not for loan Current library Shelving location Date acquired Full call number Barcode Date last seen Koha item type
  Not For Loan Perpustakaan Alor Setar Rujukan Dewasa 28/10/2019 R 499.23321 DAU A01617422 28/10/2019 Book
  Not For Loan Perpustakaan Awam Sungai Petani Rujukan Dewasa 28/10/2019 R 499.23321 DAU A01617423 28/10/2019 Book
  Not For Loan Perpustakaan Jitra Rujukan Dewasa 28/10/2019 R 499.23321 DAU A01617424 28/10/2019 Book
  Not For Loan Perpustakaan Kulim Rujukan Dewasa 28/10/2019 R 499.23321 DAU A01617425 28/10/2019 Book
  Not For Loan Perpustakaan Langkawi Rujukan Dewasa 28/10/2019 R 499.23321 DAU A01617426 28/10/2019 Book